Kalyāṇa ūrvalam / (Record no. 82228)

MARC details
000 -LEADER
fixed length control field 00553cam a2200205 i 4500
001 - CONTROL NUMBER
control field sa 68008082
003 - CONTROL NUMBER IDENTIFIER
control field DLC
005 - DATE AND TIME OF LATEST TRANSACTION
control field 20260227112528.0
008 - FIXED-LENGTH DATA ELEMENTS--GENERAL INFORMATION
fixed length control field 040707s1968 ii 000 f tamr
010 ## - LIBRARY OF CONGRESS CONTROL NUMBER
LC control number sa 68008082
040 ## - CATALOGING SOURCE
Original cataloging agency DLC
Transcribing agency DLC
050 00 - LIBRARY OF CONGRESS CALL NUMBER
Classification number PL4758.9.V38
Item number N4
100 1# - MAIN ENTRY--PERSONAL NAME
Personal name Mar̲aimalaiyan̲, A, 1933-
245 10 - TITLE STATEMENT
Title Kalyāṇa ūrvalam /
Statement of responsibility, etc. āciriyar, A. Mar̲aimalaiyan̲.
250 ## - EDITION STATEMENT
Edition statement 1. patippu.
260 ## - PUBLICATION, DISTRIBUTION, ETC.
Place of publication, distribution, etc. Cen̲n̲ai :
Name of publisher, distributor, etc. Vān̲ati Patippakam,
Date of publication, distribution, etc. 1968.
300 ## - PHYSICAL DESCRIPTION
Extent 223 p. ;
Dimensions 18 cm.
500 ## - GENERAL NOTE
General note A novel.
546 ## - LANGUAGE NOTE
Language note In Tamil.

No items available.

Powered by Koha